Eisenstein en México : (Record no. 18654)
[ view plain ]
| 000 -CABECERA | |
|---|---|
| campo de control de longitud fija | 01045ngm a2200229 a 4500 |
| 005 - FECHA Y HORA DE LA ÚLTIMA TRANSACCIÓN | |
| campo de control | 20250620063901.0 |
| 008 - ELEMENTOS DE LONGITUD FIJA--INFORMACIÓN GENERAL | |
| campo de control de longitud fija | 991125s1996 mx 090 aaspa u |
| 035 ## - NÚMERO DE CONTROL DEL SISTEMA | |
| Número de control de sistema | UPN01000018654 |
| 049 ## - COLECCIÓN | |
| Colección | AV |
| 050 #4 - SIGNATURA TOPOGRÁFICA DE LA BIBLIOTECA DEL CONGRESO | |
| Número de clasificación | PVI P 0807 |
| 100 1# - ASIENTO PRINCIPAL--NOMBRE PERSONAL | |
| Nombre de persona | Islas, Alejandra |
| 245 10 - MENCIÓN DE TÍTULO | |
| Título | Eisenstein en México : |
| Resto del título | el círculo eterno / |
| Mención de responsabilidad, etc. | realización Alejandra Islas. |
| 260 ## - PUBLICACIÓN, DISTRIBUCIÓN, ETC. | |
| Lugar de publicación, distribución, etc. | México : |
| Nombre del editor, distribuidor, etc. | Canal 22 : |
| -- | CNCA, |
| Fecha de publicación, distribución, etc. | 1996. |
| 300 ## - DESCRIPCIÓN FÍSICA | |
| Extensión | 1 videocasete (VHS) (90 min.) |
| 440 #0 - MENCIÓN DE SERIE/ASIENTO SECUNDARIO--TÍTULO | |
| Título | Cine |
| 520 ## - NOTA DE RESUMEN, ETC. | |
| Sumario, etc. | Documental que muestra la obra de Eisenstein y su influencia en el cine mexicano entre 1930-1932, su trabajo se puede definir como un paseo a través de bellos paisajes, a través de las nubes fotográficos y habla de la exaltación del indígena como elementos sobresalientes de su propuesta estética |
| 600 14 - ASIENTO SECUNDARIO DE MATERIA - NOMBRE PERSONAL | |
| Nombre de persona | EISENSTEIN, SERGEJ MIHAJLOVIC, |
| Fechas asociadas al nombre | 1898-1948 |
| 9 (RLIN) | 20109 |
| 650 #4 - ASIENTO SECUNDARIO DE MATERIA - TERMINO TEMATICO | |
| Término de materia o nombre geográfico como elemento de entrada | CINEMATOGRAFIA - |
| Subdivisión de forma | BIOGRAFIA |
| 9 (RLIN) | 10200 |
| 650 #4 - ASIENTO SECUNDARIO DE MATERIA - TERMINO TEMATICO | |
| Término de materia o nombre geográfico como elemento de entrada | Cinematografía |
| Subdivisión geográfica | México |
| Subdivisión general | Historia |
| 9 (RLIN) | 8623 |
| 650 #4 - ASIENTO SECUNDARIO DE MATERIA - TERMINO TEMATICO | |
| Término de materia o nombre geográfico como elemento de entrada | CINEMATOGRAFIA - |
| Subdivisión general | PRODUCCION Y DIRECCION |
| 9 (RLIN) | 10601 |
| 905 ## - TIPO DE MATERIAL | |
| Tipo de material | Audiovisuales |
| Estado de retiro | Estado de pérdida | Fuente del sistema de clasificación o colocación | Estado dañado | No para préstamo | Código de colección | Localización permanente | Ubicación/localización actual | Ubicación en estantería | Total de préstamos | Clasificación | Código de barras | Fecha visto por última vez | Número de copia | Tipo de ítem Koha |
|---|---|---|---|---|---|---|---|---|---|---|---|---|---|---|
| Library of Congress Classification | Audiovisuales | Bib. Gregorio Torres Quintero | Bib. Gregorio Torres Quintero | Audiovisual | PVI P 0807 | 164848 | 31/12/2020 | 1 | Videocasete |
